Ingeborg Bachmann : Entwicklungslinien in Werk und Leben /

Hlavní autor: Hapkemeyer, Andreas, 1955-
Jazyk: Němčina
Vydáno: Wien : Verlag der Österreichischen Akademie der Wissenschaften, 1991
Vydání: 2., unveränderte Auflage
Edice: Veröffentlichungen der Kommission für Literaturwissenschaft
Témata:
Fyzický popis: 169 stran
Knihy
Uloženo v:
LEADER 01373nam a2200325 i 4500
001 000980975
003 CZ BrMZK
005 20171011140803.0
007 ta
008 010825s1991 au f 000 0 ger d
020 |a 3-7001-1759-0 
040 |a BOA001  |b cze  |e rda 
100 1 |a Hapkemeyer, Andreas,  |d 1955-  |7 xx0060662  |4 aut 
245 1 0 |a Ingeborg Bachmann :  |b Entwicklungslinien in Werk und Leben /  |c Andreas Hapkemeyer 
250 |a 2., unveränderte Auflage 
264 1 |a Wien :  |b Verlag der Österreichischen Akademie der Wissenschaften,  |c 1991 
300 |a 169 stran 
336 |a text  |b txt  |2 rdacontent 
337 |a bez média  |b n  |2 rdamedia 
338 |a svazek  |b nc  |2 rdacarrier 
490 1 |a Veröffentlichungen der Kommission für Literaturwissenschaft ;  |v Nummer 11 
490 1 |a Österreichische Akademie der Wissenschaften. Philosophisch-historische Klasse. Sitzungsberichte ;  |v Band 560 
653 |a Bachmann, Ingeborg 1926-1973 
653 |a literární věda 
810 2 |a Österreichische Akademie der Wissenschaften.  |b Philosophisch-historische Klasse.  |t Sitzungsberichte  |0 s 
830 0 |a Veröffentlichungen der Kommission für Literaturwissenschaft 
910 |a BOA001  |b RK-0001.375 
990 |a BK 
991 |z 000006505  |x 33 
996 7 |b 261A002684  |c RK-0001.375  |l Rakouská knihovna/2.patro  |r ZHR  |n 8  |p {1-LW-01.375}  |h LW-bac  |w 000980975  |u 000010  |a 0  |e BOA001  |j MZK50  |s A